00682nam a2200217Ia 450000500170000000800460001702000180006303700120008104000210009304100130011408400210012710000170014824500260016526000440019130000100023536500130024554600520025894200210031099900210033195201120035220250508165009.0008 250505s9999 xx 000 0 hin d a81-87482-72-9 aTextual aFEDL bengcFEDL ahin2hin a301.2, NANqFEDL aNand Kishore 0aSamskriti ki sabhyata aBikaner, IndiabVagdevi Prakashanc2007 a168p. aINRb200 aTr of Civilization of culture/Social philosophy cTEXLh301.2, NAN c1392551d1392551 00104070aFEDLbFEDLd2025-05-08g200.00l0o301.2, NANpEL0086181r2025-05-08 16:50:09w2025-05-08yTEXL